Raf Camora Guess The Song - Statistiken

Allgemein
  • Dieses Quiz wurde 187 mal gespielt
  • Das Durchschnittsergebnis liegt bei 6 aus 15
Antwortstatistiken
Hint Antwort % Korrekt
Alles mattschwarz, Maserati GT S 500 PS
82%
Und Polizei glaubt zu Recht blaues Licht
62%
Ich bin ein West-Wiener Vienna
55%
Flieg Privatjet wie ein BonzeBrünette und ne Blonde Sommer
47%
Geh und mach mir ein Omlett Safari
46%
Du bist eine B*tch, Baby, nix mit Bella Gotham City
45%
Ihr wart zu acht, ich allein mit Jasmin Vendetta
42%
10.000 Mann sing‘n: Olé olé Risiko
39%
Und ich hoffe, du hältst dich an den Kodex Wenn du mich siehst
32%
Doch Camora hat‘n Raben, der dient Sofitel, blick über Wien Zenit
29%
Und wenn ich will brennen Autos, der Social Media Boss Waffen
28%
Was für Romantik mit Gitarre? Sie will ballern Finale 1150
22%
Fünfhaus ist fame, jeder kennt meine Stadt Mein Planet
20%
Mama, sorry, will mit keiner davon ein Kind Zombie
19%
Jeder Newcomer klingt so wie mein Kind DNA
16%
Keine übereinstimmenden Quizze gefunden
Verteilung der Resultate
Anzahl Personen mit jedem Resultat
Perzentil nach korrekt beantworteten Fragen
Ihre Resultats-Entwicklung
Sie haben dieses Quiz noch nicht gespielt